Happy organizations : (Record no. 10229)
[ view plain ]
| 000 -LEADER | |
|---|---|
| fixed length control field | 00566cam a2200181 4500 |
| 001 - CONTROL NUMBER | |
| control field | 1223 |
| 005 - DATE AND TIME OF LATEST TRANSACTION | |
| control field | 20250501162413.0 |
| 008 - FIXED-LENGTH DATA ELEMENTS--GENERAL INFORMATION | |
| fixed length control field | 070427r20072005nyua b 001 0 eng |
| 010 ## - LIBRARY OF CONGRESS CONTROL NUMBER | |
| LC control number | 2007274260 |
| 020 ## - INTERNATIONAL STANDARD BOOK NUMBER | |
| International Standard Book Number | 9786043455014 |
| 082 ## - DEWEY DECIMAL CLASSIFICATION NUMBER | |
| Classification number | 361.6 THO |
| 100 1# - MAIN ENTRY--PERSONAL NAME | |
| Personal name | Tho, Ha Vinh. |
| 245 10 - TITLE STATEMENT | |
| Title | Happy organizations : |
| Remainder of title | embracing Gross National Happiness for transformative business leadership. |
| 260 ## - PUBLICATION, DISTRIBUTION, ETC. | |
| Place of publication, distribution, etc. | Vietnam : |
| Name of publisher, distributor, etc. | Thai Ha Books JSC, |
| Date of publication, distribution, etc. | 2024.. |
| 300 ## - PHYSICAL DESCRIPTION | |
| Extent | 317 p. : |
| Other physical details | ill. ; |
| Dimensions | 25 cm. |
| 504 ## - BIBLIOGRAPHY, ETC. NOTE | |
| Bibliography, etc. note | Includes bibliographical references and index. |
| 942 ## - ADDED ENTRY ELEMENTS (KOHA) | |
| Source of classification or shelving scheme | Dewey Decimal Classification |
| Koha item type | Main |
| Withdrawn status | Lost status | Source of classification or shelving scheme | Damaged status | Not for loan | Collection code | Home library | Current library | Shelving location | Date acquired | Inventory number | Total Checkouts | Full call number | Barcode | Date last seen | Price effective from | Koha item type | Public note |
|---|---|---|---|---|---|---|---|---|---|---|---|---|---|---|---|---|---|
| Dewey Decimal Classification | Main TEST | RTC Library | RTC Library | Main opac | 01/05/2025 | 19288 | 361.6 THO c1 | 30020506 | 01/05/2025 | 01/05/2025 | Main | Donated by Dr.Kezang Sherab, Dean. | |||||
| Dewey Decimal Classification | Main TEST | RTC Library | RTC Library | Main opac | 01/05/2025 | 19289 | 361.6 THO c2 | 30020507 | 01/05/2025 | 01/05/2025 | Main | Donated by Dr.Kezang Sherab, Dean. | |||||
| Dewey Decimal Classification | Main TEST | RTC Library | RTC Library | Main opac | 01/05/2025 | 19287 | 361.6 THO c3 | 30020505 | 01/05/2025 | 01/05/2025 | Main | Donated by Dr.Kezang Sherab, Dean. |